<?xml version="1.0" encoding="UTF-8"?><?xml-stylesheet type="text/xsl" href="static/style.xsl"?><OAI-PMH xmlns="http://www.openarchives.org/OAI/2.0/" xmlns:xsi="http://www.w3.org/2001/XMLSchema-instance" xsi:schemaLocation="http://www.openarchives.org/OAI/2.0/ http://www.openarchives.org/OAI/2.0/OAI-PMH.xsd"><responseDate>2026-04-14T02:45:33Z</responseDate><request verb="GetRecord" identifier="oai:www.recercat.cat:20.500.12328/3572" metadataPrefix="marc">https://recercat.cat/oai/request</request><GetRecord><record><header><identifier>oai:recercat.cat:20.500.12328/3572</identifier><datestamp>2025-05-16T12:51:35Z</datestamp><setSpec>com_2072_67741</setSpec><setSpec>col_2072_484352</setSpec></header><metadata><record xmlns="http://www.loc.gov/MARC21/slim" xmlns:dcterms="http://purl.org/dc/terms/" xmlns:xsi="http://www.w3.org/2001/XMLSchema-instance" xmlns:doc="http://www.lyncode.com/xoai" xsi:schemaLocation="http://www.loc.gov/MARC21/slim http://www.loc.gov/standards/marcxml/schema/MARC21slim.xsd">
   <leader>00925njm 22002777a 4500</leader>
   <datafield ind2=" " ind1=" " tag="042">
      <subfield code="a">dc</subfield>
   </datafield>
   <datafield ind2=" " ind1=" " tag="720">
      <subfield code="a">Callejo, Jose Alberto</subfield>
      <subfield code="e">author</subfield>
   </datafield>
   <datafield ind2=" " ind1=" " tag="720">
      <subfield code="a">Lobillo Mora, Gema</subfield>
      <subfield code="e">author</subfield>
   </datafield>
   <datafield ind2=" " ind1=" " tag="720">
      <subfield code="a">Méndiz Noguero, Alfonso</subfield>
      <subfield code="e">author</subfield>
   </datafield>
   <datafield ind2=" " ind1=" " tag="260">
      <subfield code="c">2023</subfield>
   </datafield>
   <datafield ind2=" " ind1=" " tag="520">
      <subfield code="a">El objetivo de esta investigación es conocer en profundidad los conceptos de fidelización y animadversión en el fútbol en un ámbito regional con el fin de establecer una novedosa tipificación de sus indicadores. A través de encuestas realizadas personalmente, en dos ciudades andaluzas (Málaga y Granada) con equipos en primera división de la Liga de Fútbol Profesional de casi mil aficionados en la temporada 2016/17, se demuestra la existencia de una fidelidad en función de la exclusividad y se aporta una clasificación de la animadversión en función de variables dependientes como exclusividad, intensidad y direccionalidad. Los resultados muestran  que existe una fidelidad única y compartida, y distintos tipos de animadversión, categorizados en función de esas tres variables en distintos niveles entre los aficionados del Málaga y del Granada. A partir de esta categorización de conceptos, se propone un modelo de análisis que puede ser replicado en otros ámbitos geográficos.</subfield>
   </datafield>
   <datafield ind2=" " ind1=" " tag="520">
      <subfield code="a">The aim of this research  is  to  delve deeper into the concepts of loyalty and animosity in football at the regional level to establish a novel typification of their indicators. Through surveys carried out in person in two Andalusian cities (Malaga and Granada) with teams in the first division of the Professional Football League of almost one thousand fans in the 2016/17 season, we demonstrate the existence of a loyalty based on exclusivity and a classification of animosity based on dependent variables such as exclusivity, intensity, and directionality. The results show that there is a unique and shared loyalty and different types of animosity categorised in terms of those three variables at different levels among Málaga and Granada fans. Through the categorisation of the concepts, a model of analysis is proposed that can be implemented in different geographical areas</subfield>
   </datafield>
   <datafield ind1="8" ind2=" " tag="024">
      <subfield code="a">Callejo, Jose Alberto, Lobillo Mora, Gema, Méndiz Noguero, Alfonso. Fidelidad y animadversión a través de los aficionados en los clubes de fútbol de España: Málaga CF y Granada CF. Estudios sobre el Mensaje Periodístico, 2023, 29(1), p. 43-53. Disponible en: &lt;https://dx.doi.org/10.5209/esmp.82339>. Fecha de acceso: 11 oct. 2023. DOI: 10.5209/esmp.82339</subfield>
   </datafield>
   <datafield ind1="8" ind2=" " tag="024">
      <subfield code="a">1134-1629</subfield>
   </datafield>
   <datafield ind1="8" ind2=" " tag="024">
      <subfield code="a">http://hdl.handle.net/20.500.12328/3572</subfield>
   </datafield>
   <datafield ind1="8" ind2=" " tag="024">
      <subfield code="a">https://dx.doi.org/10.5209/esmp.82339</subfield>
   </datafield>
   <datafield tag="653" ind2=" " ind1=" ">
      <subfield code="a">Animadversió</subfield>
   </datafield>
   <datafield tag="653" ind2=" " ind1=" ">
      <subfield code="a">Fidelitat</subfield>
   </datafield>
   <datafield tag="653" ind2=" " ind1=" ">
      <subfield code="a">Clubs de futbol professionals</subfield>
   </datafield>
   <datafield tag="653" ind2=" " ind1=" ">
      <subfield code="a">Aficionat</subfield>
   </datafield>
   <datafield tag="653" ind2=" " ind1=" ">
      <subfield code="a">Granada CF</subfield>
   </datafield>
   <datafield tag="653" ind2=" " ind1=" ">
      <subfield code="a">Màlaga CF</subfield>
   </datafield>
   <datafield tag="653" ind2=" " ind1=" ">
      <subfield code="a">Animadversión</subfield>
   </datafield>
   <datafield tag="653" ind2=" " ind1=" ">
      <subfield code="a">Fidelidad</subfield>
   </datafield>
   <datafield tag="653" ind2=" " ind1=" ">
      <subfield code="a">Clubes de fútbol profesionales</subfield>
   </datafield>
   <datafield tag="653" ind2=" " ind1=" ">
      <subfield code="a">Aficionado</subfield>
   </datafield>
   <datafield tag="653" ind2=" " ind1=" ">
      <subfield code="a">Granada CF</subfield>
   </datafield>
   <datafield tag="653" ind2=" " ind1=" ">
      <subfield code="a">Málaga CF</subfield>
   </datafield>
   <datafield tag="653" ind2=" " ind1=" ">
      <subfield code="a">Animosity</subfield>
   </datafield>
   <datafield tag="653" ind2=" " ind1=" ">
      <subfield code="a">Loyalty</subfield>
   </datafield>
   <datafield tag="653" ind2=" " ind1=" ">
      <subfield code="a">Professional Football Clubs</subfield>
   </datafield>
   <datafield tag="653" ind2=" " ind1=" ">
      <subfield code="a">Football fan</subfield>
   </datafield>
   <datafield tag="653" ind2=" " ind1=" ">
      <subfield code="a">Granada CF</subfield>
   </datafield>
   <datafield tag="653" ind2=" " ind1=" ">
      <subfield code="a">Málaga CF</subfield>
   </datafield>
   <datafield ind2="0" ind1="0" tag="245">
      <subfield code="a">Fidelidad y animadversión a través de los aficionados en los clubes de fútbol de España: Málaga CF y Granada CF</subfield>
   </datafield>
</record></metadata></record></GetRecord></OAI-PMH>